000 00458nam a22001817a 4500
003 NUST - PNEC
005 20170116180908.0
008 150902b xxu||||| |||| 00| 0 eng d
020 _a0201183587
040 _cLIBRARY
082 _a620.106 GER
100 _96871
_aGerhart, Philip M.
245 _aFundamentals of fluid mechanics
_cPhilip M.Gerhart
250 _a2nd ed.
260 _cc.1992
650 _96876
_aFluid meachines
_xME
942 _2ddc
_cBK
999 _c65190
_d65190